000 01244nam a2200289 4500
001 0000022676
003 CO-CtgCURN
005 20250506203501.0
008 160627s1997 000 0 eng d
020 _a9586281426
040 _aCO-CtgCURN
_bspa
_ccoctgcurn
082 0 _a158.2
_bG17t
100 1 _aGaravito Pardo, Edgar.
245 1 3 _aLa transcursividad :
_bcritica de la identidad psicologica /
_cEdgar Garavito Pardo.
260 _aBogotá :
_bUniversidad Nacional de Colombia,
_c1997.
300 _a210 p.
336 _2rdacontent
337 _2rdamedia
_asin mediacion
_bn
338 _2rdacarrier
_avolumen
_bnc
504 _aBibliografia (p. 207-210)
505 8 _aAlejarse del mundo.--Un caso especial de monologo.--El transcurso monologal.--Un dialogo en medio del desierto.--La aventura transcursiva.--Encerrarse en el discurso.--Como recuperar el cuerpo.--El dominio del discurso.--La frontera del discurso.--El transcurso discursivo.--Espacio tiempo y transcurso
650 0 _aPersonalidad
_vEnsayos, conferencias, etc.
740 0 _aCritica de la identidad psicologica.
908 _a160627
942 _cBK
_h158.2
_iG17t
_2ddc
999 _c48222
_d48222
_x3